Quizzes By Category Stats

 Plays Quiz Updated Mar 9, 2020

Support Sporcle.
Go Orange.
Score 0/15 Timer 04:00
0 Plays Today
Category Game % Correct
GeographyFind the US States - No Outlines Minefield
83.2%
HistoryUS Presidents
60.9%
SportsNFL Teams
26.7%
Science3 Letter Body Parts
19.4%
TelevisionThe Simpsons
16.8%
Gaming151 Original Pokémon
16%
HolidayA Halloween Murder Mystery
15.6%
LanguageCommonest English Words
12.8%
Category Game % Correct
EntertainmentSeven Dirty Words
10.7%
MoviesMarvel Cinematic Universe: Oldest to Newest
6.3%
LiteratureHarry Potter Bunker
6.1%
ReligionGreek Gods
5.1%
MiscellaneousCorporate Logos
3.5%
MusicThe Beatles or Rebecca Black?
2.5%
Just For FunClickable 1-100 Mines
1.1%

From the Vault

Images That Rhyme with 'REAL'

by sproutcm

Cause things that rhyme with factual was just too weird.
Remove Ads.
Support Sporcle.
Get the best of Sporcle when you Go Orange. This ad-free experience offers more features, more stats, and more fun while also helping to support Sporcle. Thank you for becoming a member.

Show Comments

Extras

Top Quizzes Today


Score Distribution

Your Account Isn't Verified!

In order to create a playlist on Sporcle, you need to verify the email address you used during registration. Go to your Sporcle Settings to finish the process.

Report this User

Report this user for behavior that violates our Community Guidelines.

Details: